000 01131nac a22001811u 4500
008 101027t xxu||||| |||| 00| 0 ara d
082 _a263.9
_bو ل ي
245 _aأربعة كتب اسماعيلية :
_bمسائل مجموعة من الحقائق العالية والدقائق والأسرار السامية: التي لا يجوز الاطلاع عليها الا باذن من له العقد والحل /
_cعلي بن محمد بن الوليد ؛ عنى بتصحيحها ر. شتروطمان، المجمع العلمي غوتينغن
260 _aبغداد :
_bمكتبة المثنى ،
_c[د .ت].
300 _a200 ، 61 ص ؛
_c24 سم.
500 _aيشتمل على كشافات
500 _aالنص بالعربية والفرنسية
511 _aCatalogued by: Sara
650 _aالإسماعيلية (طرق صوفية)
_921600
700 _aرودلف ، شتروطمان
_920692
942 _cBB
_k263.9 و ل ي
_2ddc
999 _c7286
_d7286